000
00204nam a22000977a 4500
082
_a
894.812.3
_b
MUL/A
100
_a
MULLAKKARA, MURALI
245
_a
ASHADAMEGHANGAL
650
_a
MALAYALAM STORY
942
_c
BK
999
_c
7710
_d
7710